The Dictator Files: Joseph Stalin - Statistics

General Stats
  • This quiz has been taken 48,532 times
  • The average score is 13 of 20
Answer Stats
Hint Answer % Correct
The first leader of the Soviet Union V. I. Lenin
95%
Stalin met with these "Big 3" Allied war leaders at Yalta in 1945 Winston Churchill
94%
Term which referred to the division between free and Communist Europe after WWII The {Iron} Curtain
93%
Stalin met with these "Big 3" Allied war leaders at Yalta in 1945 Franklin D. Roosevelt
90%
Country that the USSR signed a non-aggression pact with in 1939 Germany
84%
Country (then part of the Russian Empire) where Stalin was born Georgia
81%
What the name "Stalin" means Man of {Steel}
81%
Prize which Stalin was nominated for in 1945 and 1948 Nobel Peace Prize
81%
"Archipelago" of forced-labor prisons that was greatly expanded by Stalin The Gulag
72%
Region of the USSR which suffered millions of the deaths during the "Holodomor" famine of 1932–1933 Ukraine
71%
Rival communist leader who was assassinated in Mexico City in 1940 Leon Trotsky
67%
Book that features a pig named Napoleon who is remarkably similar to Stalin Animal Farm
66%
Soviet leader who "de-Stalinized" the Soviet Union in the 1950s Nikita Khrushchev
66%
The name given to Stalin's killing of at least 600,000 political enemies in the 1930s – including almost every high ranking military officer The Great {Purge}
58%
City known as Stalingrad from 1925–1961 Volgograd
52%
Fill the blank in this quote that is mis-attributed to Stalin: The death of one man is a tragedy, the death of millions is a _________ Statistic
49%
Friendly nickname that Stalin was known by in the U.S. during WWII {Uncle} Joe
46%
Disease which scarred his face as a boy Smallpox
43%
American western film star who Stalin supposedly tried to kill John Wayne
35%
Job that Stalin initially trained for Priest
25%
No matching quizzes found
Score Distribution
Percent of People with Each Score
Percentile by Number Answered
Your Score History
You have not taken this quiz